[Event "XII Weekend A"]
[Site "Ceriano Laghetto ITA"]
[Date "2003.01.25"]
[Round "1"]
[White "Barlocco, Carlo"]
[Black "La Torre, Giovanni"]
[Result "1-0"]
[WhiteElo "2160"]
[BlackElo "2064"]
[PlyCount "87"]
[EventDate "2003.01.25"]

1. d4 Nf6 2. Bg5 d5 3. Bxf6 exf6 4. e3 Bb4+ 5. c3 Bd6 6. Bd3 c6 7. Qc2 Bg4 8.
Bxh7 Qe7 9. Bf5 Bxf5 10. Qxf5 Nd7 11. Nf3 g6 12. Qd3 f5 13. Nbd2 Nf6 14. O-O-O
Ne4 15. Qe2 b5 16. h3 a5 17. Nxe4 fxe4 18. Nd2 Kd7 19. f3 exf3 20. gxf3 Qe6 21.
e4 Bf4 22. Kc2 Bxd2 23. Qxd2 Rxh3 24. exd5 Qf5+ 25. Kc1 Rxh1 26. dxc6+ Kxc6 27.
d5+ Kd7 28. Rxh1 Qxf3 29. Rd1 Re8 30. Qh2 b4 31. c4 Re4 32. Qc2 Qf4+ 33. Kb1
Rxc4 34. Qa4+ Kd6 35. Qxa5 Qf5+ 36. Ka1 Qc8 37. Qb6+ Kd7 38. Qe3 Qc5 39. Qe1
Rd4 40. Rc1 Qxd5 41. Qg3 Qd6 42. Qf3 Qd5 43. Qg3 Rd1 44. Qg4+ 1-0

[Event "XII Weekend A"]
[Site "Ceriano Laghetto ITA"]
[Date "2003.01.25"]
[Round "1"]
[White "Bertazzo, Giorgio"]
[Black "Contin, Daniel"]
[Result "0-1"]
[WhiteElo "2114"]
[BlackElo "2330"]
[PlyCount "80"]
[EventDate "2003.01.25"]

1. e4 e6 2. c4 d5 3. exd5 exd5 4. cxd5 Nf6 5. Bb5+ Nbd7 6. Nf3 Be7 7. Nc3 O-O
8. O-O Nb6 9. d4 Nbxd5 10. Bg5 c6 11. Bd3 Bg4 12. a3 Qd6 13. Re1 Rfe8 14. Re5
Nxc3 15. bxc3 Nd5 16. Bd2 Bf6 17. Rxe8+ Rxe8 18. h3 Bh5 19. a4 Bd8 20. Rb1 b6
21. g3 Bc7 22. Kg2 Re3 23. Be2 Nxc3 24. Bxc3 Rxc3 25. Qe1 Rc2 26. Rb3 f6 27.
Rc3 Rb2 28. Kg1 b5 29. axb5 cxb5 30. Bd1 Kf8 31. Bb3 g5 32. Qe4 Bg6 33. Qa8+
Bd8 34. Qxa7 b4 35. Re3 Qc7 36. Qa8 Kg7 37. Qd5 Bf7 38. Qxf7+ Qxf7 39. Bxf7
Kxf7 40. d5 Bb6 0-1

[Event "XII Weekend A"]
[Site "Ceriano Laghetto ITA"]
[Date "2003.01.25"]
[Round "1"]
[White "Bonazzi, Edoardo"]
[Black "Del Rio Angelis, Salvador Gabriel"]
[Result "0-1"]
[WhiteElo "2135"]
[BlackElo "2487"]
[PlyCount "62"]
[EventDate "2003.01.25"]

1. Nf3 d5 2. d4 Nf6 3. c4 e6 4. Nc3 Be7 5. cxd5 exd5 6. Bg5 c6 7. Qc2 O-O 8. e3
Nbd7 9. Bd3 Re8 10. O-O Nf8 11. Bxf6 Bxf6 12. b4 Bg4 13. Nd2 Rc8 14. Rfc1 Be7
15. Rab1 Bd6 16. Bf5 Bxf5 17. Qxf5 b5 18. Qc2 a5 19. a3 axb4 20. axb4 Nd7 21.
Qb2 Nb6 22. Ra1 Qe7 23. Rcb1 Ra8 24. Rxa8 Rxa8 25. h3 h6 26. e4 dxe4 27. Ncxe4
Nd5 28. Nxd6 Qxd6 29. Ne4 Qg6 30. Ng3 Ra4 31. Qd2 Qxb1+ 0-1

[Event "XII Weekend A"]
[Site "Ceriano Laghetto ITA"]
[Date "2003.01.25"]
[Round "1"]
[White "Cazzaniga, Walter"]
[Black "Lapiccirella, Mattia"]
[Result "1-0"]
[WhiteElo "2094"]
[BlackElo "2193"]
[PlyCount "79"]
[EventDate "2003.01.25"]

1. d4 Nf6 2. c4 c5 3. d5 g6 4. Nc3 d6 5. e4 Bg7 6. Bd3 O-O 7. h3 e6 8. Nf3 exd5
9. cxd5 a6 10. a4 Nbd7 11. Bf4 Qe7 12. O-O Nh5 13. Bh2 Ne5 14. Nxe5 Bxe5 15. f4
Bd4+ 16. Kh1 Bd7 17. Qf3 Ng7 18. f5 Ne8 19. e5 dxe5 20. f6 Qd6 21. Rae1 Nc7 22.
Qg3 Rfe8 23. Ne4 Qf8 24. Qh4 Kh8 25. Ng5 Qg8 26. b3 b5 27. axb5 axb5 28. d6 Ne6
29. Bxe5 Nxg5 30. Qxg5 Bxe5 31. Rxe5 Qf8 32. Re7 Be6 33. Bxb5 Red8 34. Rxe6
fxe6 35. f7 Qg7 36. d7 Rf8 37. Qxc5 Rxf7 38. Rxf7 Qxf7 39. Qe5+ Qg7 40. Qxe6
1-0

[Event "XII Weekend A"]
[Site "Ceriano Laghetto ITA"]
[Date "2003.01.25"]
[Round "1"]
[White "Gagliardi, Christian"]
[Black "Zacco, Remo"]
[Result "1-0"]
[WhiteElo "2138"]
[BlackElo "2093"]
[PlyCount "59"]
[EventDate "2003.01.25"]

1. Nf3 d6 2. g3 e5 3. d3 Be7 4. Bg2 Nc6 5. O-O Bg4 6. e4 Qd7 7. Be3 h5 8. h4
O-O-O 9. Qd2 f6 10. Nc3 Bh3 11. Nd5 Bxg2 12. Kxg2 Nh6 13. b4 Ng4 14. b5 Nxe3+
15. Qxe3 Nd4 16. Nxd4 exd4 17. Qxd4 Kb8 18. f4 g6 19. c4 Rdf8 20. f5 g5 21.
hxg5 fxg5 22. Qg7 Re8 23. Nf6 Qd8 24. Nxe8 Rxe8 25. f6 Bf8 26. Qxg5 Re5 27. Rf5
Re6 28. Qxh5 c6 29. Qf7 Re8 30. bxc6 1-0

[Event "XII Weekend A"]
[Site "Ceriano Laghetto ITA"]
[Date "2003.01.25"]
[Round "1"]
[White "Pelizzola, Danilo"]
[Black "Bonetti, Marco"]
[Result "1/2-1/2"]
[WhiteElo "1905"]
[BlackElo "2152"]
[PlyCount "107"]
[EventDate "2003.01.25"]

1. e4 Nf6 2. Nc3 d5 3. exd5 Nxd5 4. Bc4 Nxc3 5. Qf3 e6 6. Qxc3 Nd7 7. Nf3 Qf6
8. Qxf6 Nxf6 9. d4 c5 10. O-O Be7 11. Re1 Bd7 12. dxc5 Bxc5 13. Ne5 Rc8 14. Bg5
Bd4 15. Bb3 Bxb2 16. Rad1 Bxe5 17. Rxe5 h6 18. Bc1 O-O 19. Re3 Bb5 20. Bb2 Rfd8
21. Rde1 Bc4 22. Bxf6 gxf6 23. Rf3 Bxb3 24. cxb3 f5 25. Rh3 Rc2 26. a4 Rdd2 27.
Rf3 Kg7 28. h4 Kf6 29. g4 Rd4 30. gxf5 exf5 31. Ree3 Rxh4 32. Rc3 Rxc3 33. Rxc3
Rb4 34. Re3 Kg5 35. Kg2 h5 36. Rf3 h4 37. Rc3 Kf6 38. Re3 Re4 39. Rc3 Ke6 40.
Rd3 f6 41. Kh3 Rf4 42. Kg2 Ke5 43. f3 Rd4 44. Rc3 Kf4 45. Rc5 Rd2+ 46. Kh3 Rd3
47. b4 Rxf3+ 48. Kxh4 Rf1 49. Kh3 Rg1 50. Rc7 Kf3 51. Kh2 Rg2+ 52. Kh3 Ra2 53.
a5 Ra1 54. Kh2 1/2-1/2

[Event "XII Weekend A"]
[Site "Ceriano Laghetto ITA"]
[Date "2003.01.25"]
[Round "1"]
[White "Sbarra, Marco"]
[Black "Lapiccirella, Daniele"]
[Result "1-0"]
[WhiteElo "2220"]
[BlackElo "2099"]
[PlyCount "53"]
[EventDate "2003.01.25"]

1. e4 c5 2. Nf3 e6 3. b3 d5 4. exd5 exd5 5. Bb5+ Bd7 6. Bxd7+ Nxd7 7. O-O Ngf6
8. Re1+ Be7 9. Qe2 Nf8 10. Bb2 Ne6 11. Ne5 O-O 12. Nxf7 Rxf7 13. Qxe6 Ne4 14.
Nc3 Nxc3 15. dxc3 Rc8 16. Rad1 Rc6 17. Rxd5 Qa5 18. Qe4 Qxa2 19. Rd7 Qxb2 20.
Rxe7 Rxe7 21. Qxe7 h6 22. Qd8+ Kh7 23. Qd3+ Rg6 24. h4 h5 25. Kh2 c4 26. Qf5
Qxc3 27. Re6 1-0

[Event "XII Weekend A"]
[Site "Ceriano Laghetto ITA"]
[Date "2003.01.26"]
[Round "2"]
[White "Bonetti, Marco"]
[Black "Cazzaniga, Walter"]
[Result "0-1"]
[WhiteElo "2152"]
[BlackElo "2094"]
[PlyCount "56"]
[EventDate "2003.01.25"]

1. e4 e6 2. d3 c5 3. Nf3 Nc6 4. g3 g6 5. Bg2 Bg7 6. O-O Nge7 7. c3 d5 8. Nbd2
O-O 9. Re1 b6 10. e5 Qc7 11. d4 cxd4 12. cxd4 Nb4 13. Re3 Qc2 14. Qe1 Nd3 15.
Qf1 Ba6 16. Ne1 Nxe1 17. Qxa6 Nxg2 18. Rc3 Qd1+ 19. Kxg2 f6 20. Rc7 Nf5 21. Nf3
fxe5 22. Bh6 Ne3+ 23. Kh3 Qxf3 24. Rxg7+ Kh8 25. Rxh7+ Kxh7 26. Bxe3 Rf7 27.
Rc1 exd4 28. Bg5 e5 0-1

[Event "XII Weekend A"]
[Site "Ceriano Laghetto ITA"]
[Date "2003.01.26"]
[Round "2"]
[White "Contin, Daniel"]
[Black "Vezzosi, Paolo"]
[Result "1-0"]
[WhiteElo "2330"]
[BlackElo "2379"]
[PlyCount "141"]
[EventDate "2003.01.25"]

1. c4 e6 2. Nf3 Nf6 3. g3 d5 4. b3 Be7 5. Bg2 O-O 6. O-O Nbd7 7. Bb2 c6 8. d3
b5 9. e4 Qb6 10. e5 Ne8 11. cxd5 cxd5 12. Qe2 Ba6 13. Bd4 Qb7 14. a3 b4 15.
axb4 Bxb4 16. Rc1 Bb5 17. Nc3 Nc7 18. Qe3 a5 19. Ng5 h6 20. Nh3 Rfc8 21. Nf4
Bc6 22. Nh5 Nb5 23. Nxb5 Bxb5 24. Qf3 Rxc1+ 25. Rxc1 Rc8 26. Rd1 Bf8 27. Qg4
Ba6 28. h4 Kh8 29. Nf4 Nc5 30. Be3 Qxb3 31. d4 Na4 32. Ra1 Rd8 33. Kh2 Bb5 34.
Rc1 Bc4 35. Bd2 Ra8 36. Ra1 Qb2 37. Rxa4 Qxd2 38. Rxc4 dxc4 39. Bxa8 c3 40. Qe2
Qxd4 41. Bc6 a4 42. Be8 Qa7 43. Qc2 a3 44. Ba4 Qd4 45. Kg2 Qxe5 46. Qd3 a2 47.
Bc2 g6 48. Qa6 Bc5 49. Qxa2 Kg7 50. Qc4 Bb6 51. Ne2 Ba5 52. f4 Qf6 53. Qc5 Qd8
54. Qd4+ Qxd4 55. Nxd4 h5 56. Kf3 Kf6 57. Ke4 Bb6 58. Ne2 Bf2 59. Kf3 Be1 60.
Nc1 Bd2 61. Nd3 Ke7 62. Ke4 f6 63. Kf3 Kd6 64. Nf2 f5 65. Nd3 Ke7 66. Bb3 Kf6
67. Ke2 Ke7 68. Ba4 Kf6 69. Bd1 Ke7 70. Bb3 Kf6 71. Nc5 1-0

[Event "XII Weekend A"]
[Site "Ceriano Laghetto ITA"]
[Date "2003.01.26"]
[Round "2"]
[White "Del Rio Angelis, Salvador Gabriel"]
[Black "Sbarra, Marco"]
[Result "1-0"]
[WhiteElo "2487"]
[BlackElo "2220"]
[PlyCount "65"]
[EventDate "2003.01.25"]

1. e4 c5 2. Nf3 Nc6 3. d4 cxd4 4. Nxd4 e6 5. Nb5 d6 6. c4 Nf6 7. N5c3 Be7 8.
Be2 O-O 9. O-O Bd7 10. Be3 a6 11. Nd2 Na7 12. Nb3 Qb8 13. Bf4 b6 14. Bg3 Rd8
15. Rc1 Be8 16. Bf3 Nc6 17. Be2 Na7 18. Qc2 Qc7 19. Rfd1 Rab8 20. Rd2 Nd7 21.
Qd1 Ne5 22. f4 Nec6 23. Bf3 b5 24. Nd5 exd5 25. cxd5 Qb7 26. dxc6 Bxc6 27. Bf2
Qd7 28. Bg4 Qb7 29. Na5 Qa8 30. Bf3 Rdc8 31. Nxc6 Rxc6 32. Rxc6 Nxc6 33. e5 1-0

[Event "XII Weekend A"]
[Site "Ceriano Laghetto ITA"]
[Date "2003.01.26"]
[Round "2"]
[White "Gagliardi, Christian"]
[Black "Barlocco, Carlo"]
[Result "0-1"]
[WhiteElo "2138"]
[BlackElo "2160"]
[PlyCount "144"]
[EventDate "2003.01.25"]

1. Nf3 g6 2. g3 Bg7 3. Bg2 e5 4. d3 f5 5. O-O d5 6. c4 Ne7 7. cxd5 Nxd5 8. Qb3
c6 9. e4 fxe4 10. dxe4 Nc7 11. Bg5 Qd6 12. Rd1 Qe6 13. Rd8+ Kf7 14. Qd3 Nba6
15. Nc3 Rxd8 16. Bxd8 h6 17. Rd1 Ne8 18. Qd2 Nf6 19. Bf1 Nd7 20. Bg5 Qg4 21. h3
Qxf3 22. Be2 Qxe2 23. Nxe2 hxg5 24. Qxg5 Bf6 25. Qe3 Nf8 26. Kg2 Be6 27. b3 Nc7
28. f4 Nd7 29. Rf1 Kg7 30. f5 gxf5 31. exf5 Bf7 32. g4 Bd5+ 33. Kh2 e4 34. Nf4
Ne5 35. Nh5+ Kf7 36. Nxf6 Kxf6 37. Qh6+ Ke7 38. Qf4 Kd6 39. Rd1 Rg8 40. Qxe4
Re8 41. Qf4 Kd7 42. Kg3 Nf7 43. g5 Nd6 44. Kf2 Re4 45. Qf3 Re5 46. Qg4 Rxf5+
47. Kg1 Ne6 48. h4 Rf4 49. Qh5 Nf5 50. Qh7+ Kd6 51. Rf1 Rg4+ 52. Kf2 Nxh4 53.
Ra1 Nxg5 54. Qxb7 Ne4+ 55. Ke3 Nf5+ 56. Kf3 Rg3+ 57. Kf4 Ne7 58. Qb4+ Ke6 59.
Qxe4+ Bxe4 60. Kxg3 Nd5 61. Rc1 Kd6 62. Kf2 c5 63. Rc4 Bb1 64. Ra4 Nb4 65. Rxa7
Bxa2 66. Ra3 Kd5 67. Ke2 Kd4 68. Kd2 Bb1 69. Ra8 Be4 70. Rd8+ Bd5 71. Rd7 Nc6
72. Kc2 Na5 0-1

[Event "XII Weekend A"]
[Site "Ceriano Laghetto ITA"]
[Date "2003.01.26"]
[Round "2"]
[White "La Torre, Giovanni"]
[Black "Bonazzi, Edoardo"]
[Result "1/2-1/2"]
[WhiteElo "2064"]
[BlackElo "2135"]
[PlyCount "74"]
[EventDate "2003.01.25"]

1. e4 c5 2. Nc3 Nc6 3. f4 e6 4. Nf3 a6 5. g3 Nge7 6. Bg2 d6 7. d4 cxd4 8. Nxd4
Nxd4 9. Qxd4 Nc6 10. Qf2 b5 11. O-O Be7 12. f5 Ne5 13. Ne2 O-O 14. h3 Bd7 15.
Be3 Nc4 16. Bd4 e5 17. Bc3 Bg5 18. Kh1 Ne3 19. h4 Bh6 20. Rfd1 Nxd1 21. Rxd1
Qc7 22. Bb4 Qxc2 23. Rxd6 a5 24. Bc3 Rfd8 25. Bxe5 f6 26. Qd4 fxe5 27. Qd5+ Kf8
28. Rxd7 Rxd7 29. Qxd7 Rc8 30. Nc3 Rxc3 31. Qd6+ Kf7 32. Qe6+ Kf8 33. Qd6+ Kf7
34. Qd7+ Kf8 35. Qd8+ Kf7 36. Qd5+ Kf8 37. bxc3 Qxc3 1/2-1/2

[Event "XII Weekend A"]
[Site "Ceriano Laghetto ITA"]
[Date "2003.01.26"]
[Round "2"]
[White "Lapiccirella, Daniele"]
[Black "Bozzali, Ermanno"]
[Result "1-0"]
[WhiteElo "2099"]
[BlackElo "2135"]
[PlyCount "41"]
[EventDate "2003.01.25"]

1. d4 Nf6 2. c4 c5 3. dxc5 e6 4. Nf3 Bxc5 5. Nc3 a6 6. e3 O-O 7. Be2 Nc6 8. O-O
d5 9. cxd5 exd5 10. b3 Re8 11. Bb2 b5 12. Rc1 Qd6 13. Qc2 Bb7 14. Nxb5 axb5 15.
Bxf6 Bxe3 16. fxe3 Qxf6 17. Bxb5 Nb4 18. Qc5 Nxa2 19. Bxe8 Nxc1 20. Nd4 Nd3 21.
Qc7 1-0

[Event "XII Weekend A"]
[Site "Ceriano Laghetto ITA"]
[Date "2003.01.26"]
[Round "2"]
[White "Lapiccirella, Mattia"]
[Black "Pelizzola, Danilo"]
[Result "1/2-1/2"]
[WhiteElo "2193"]
[BlackElo "1905"]
[PlyCount "99"]
[EventDate "2003.01.25"]

1. d4 Nf6 2. c4 e6 3. Nf3 b6 4. g3 Bb7 5. Bg2 Be7 6. O-O O-O 7. Re1 d6 8. Nc3
Ne4 9. Qc2 f5 10. b3 Nd7 11. Bb2 Nxc3 12. Qxc3 Bf6 13. Rad1 Qe7 14. Qd2 Rad8
15. Nh4 Bxg2 16. Nxg2 Qf7 17. Qc2 g6 18. Nf4 Rfe8 19. d5 Nf8 20. Bxf6 Qxf6 21.
dxe6 Nxe6 22. Nd5 Qg7 23. Qd2 Nc5 24. f3 a5 25. Qg5 h6 26. Nf6+ Kf7 27. Nxe8
Rxe8 28. Qd2 h5 29. Qd5+ Kf8 30. Qd4 Re5 31. f4 Re7 32. Qxg7+ Kxg7 33. e3 Kf7
34. Kg2 Ne4 35. Kf3 Nf6 36. h3 Ne4 37. Rg1 Nf6 38. a3 Re8 39. b4 Ra8 40. Rg2
axb4 41. axb4 Ra4 42. Rb2 Ra3 43. Rbb1 Ra2 44. Ra1 Rc2 45. Rdc1 Rb2 46. Rab1
Rd2 47. Rg1 Rc2 48. Rgc1 Rh2 49. Rh1 Rc2 50. Rhc1 1/2-1/2

[Event "XII Weekend A"]
[Site "Ceriano Laghetto ITA"]
[Date "2003.01.26"]
[Round "2"]
[White "Zacco, Remo"]
[Black "Bertazzo, Giorgio"]
[Result "1/2-1/2"]
[WhiteElo "2093"]
[BlackElo "2114"]
[PlyCount "86"]
[EventDate "2003.01.25"]

1. e4 c5 2. Nf3 d6 3. d4 cxd4 4. Nxd4 Nf6 5. Nc3 a6 6. Be2 e6 7. O-O Be7 8. f4
Qc7 9. Be3 Nc6 10. a4 Bd7 11. Nb3 Na5 12. Nxa5 Qxa5 13. Qd4 e5 14. Qb6 Qxb6 15.
Bxb6 Rc8 16. Rad1 Bc6 17. Bd3 O-O 18. h3 exf4 19. Rxf4 Nd7 20. Bd4 Ne5 21. Be2
Bf6 22. Rf5 Bd7 23. Rff1 Be6 24. Kh1 Rfe8 25. Rf2 Rc6 26. Bf1 Bh4 27. Rfd2 Bg5
28. Rf2 Rec8 29. Rb1 Bh4 30. Rd2 Bc4 31. Bxe5 dxe5 32. Bd3 Rd8 33. Rf1 Rcd6 34.
Rf3 Be6 35. Rd1 h6 36. Rdf1 Rd4 37. Kh2 Bf6 38. b3 Bxb3 39. Rb1 Bxa4 40. Rxb7
Bc6 41. Rb6 R4d6 42. Rxa6 Ba8 43. Ra5 Rd4 1/2-1/2

[Event "XII Weekend A"]
[Site "Ceriano Laghetto ITA"]
[Date "2003.01.26"]
[Round "3"]
[White "Barlocco, Carlo"]
[Black "Del Rio Angelis, Salvador Gabriel"]
[Result "0-1"]
[WhiteElo "2160"]
[BlackElo "2487"]
[PlyCount "56"]
[EventDate "2003.01.25"]

1. d4 d5 2. Bf4 Nf6 3. e3 g6 4. Nf3 Bg7 5. h3 O-O 6. Be2 c5 7. c3 Nfd7 8. O-O
Nc6 9. Nbd2 e5 10. dxe5 Ndxe5 11. Nxe5 Nxe5 12. Nf3 Nc6 13. Qb3 Na5 14. Qa3 Qb6
15. Be5 f6 16. Bd6 Qxd6 17. Qxa5 b6 18. Qa3 Be6 19. Nd4 Bf7 20. Bf3 Rad8 21.
Ne2 Qc7 22. Rfd1 Rd6 23. Rd2 Rfd8 24. Rad1 R8d7 25. Nf4 d4 26. exd4 cxd4 27.
Rxd4 Rxd4 28. cxd4 Qxf4 0-1

[Event "XII Weekend A"]
[Site "Ceriano Laghetto ITA"]
[Date "2003.01.26"]
[Round "3"]
[White "Bertazzo, Giorgio"]
[Black "Bonetti, Marco"]
[Result "1-0"]
[WhiteElo "2114"]
[BlackElo "2152"]
[PlyCount "81"]
[EventDate "2003.01.25"]

1. e4 Nf6 2. Nc3 d5 3. e5 d4 4. Nce2 Nfd7 5. e6 Nc5 6. exf7+ Kxf7 7. Nf3 Nc6 8.
Nf4 e6 9. Bc4 Bd6 10. d3 Rf8 11. O-O Kg8 12. Ne2 Rxf3 13. gxf3 Ne5 14. Ng3 b5
15. f4 Ng6 16. Bxb5 Bb7 17. b4 Nd7 18. Qe2 Ndf8 19. Bc4 Bxf4 20. f3 Qg5 21.
Bxe6+ Kh8 22. Bg4 h6 23. Ne4 Qe5 24. Kh1 Re8 25. Qf2 Nh7 26. Bxf4 Nxf4 27. Qg3
Rf8 28. Rae1 Qd5 29. Nc5 Bc6 30. Re4 g5 31. Qe1 h5 32. Re5 Qxa2 33. Bf5 Qxc2
34. Qf2 Qxf2 35. Rxf2 Nf6 36. Be4 Bb5 37. Ra2 g4 38. Rf5 gxf3 39. Rxf4 Kg7 40.
Rxf3 Re8 41. Rg2+ 1-0

[Event "XII Weekend A"]
[Site "Ceriano Laghetto ITA"]
[Date "2003.01.26"]
[Round "3"]
[White "Bonazzi, Edoardo"]
[Black "Lapiccirella, Mattia"]
[Result "1/2-1/2"]
[WhiteElo "2135"]
[BlackElo "2193"]
[PlyCount "130"]
[EventDate "2003.01.25"]

1. c4 Nf6 2. Nc3 c5 3. Nf3 e6 4. g3 b6 5. Bg2 Bb7 6. O-O Be7 7. b3 O-O 8. d4
cxd4 9. Qxd4 Nc6 10. Qd2 a6 11. Bb2 d6 12. Rfd1 Qc7 13. Rac1 Nb8 14. Ba3 Rd8
15. Ne1 Bxg2 16. Nxg2 Qc6 17. Qf4 Ra7 18. e4 Rad7 19. Rd3 Qb7 20. Rcd1 Nc6 21.
Ne1 Ne5 22. R3d2 b5 23. cxb5 axb5 24. Bb2 b4 25. Na4 Ng6 26. Qe3 Nxe4 27. Rc2
Nc5 28. Nxc5 dxc5 29. Rcd2 Rxd2 30. Rxd2 Rxd2 31. Qxd2 Qd5 32. Qe2 e5 33. Nc2
h6 34. f3 h5 35. Ne3 Qe6 36. Kg2 h4 37. Nc4 hxg3 38. hxg3 f6 39. Qd3 Nf8 40.
Ne3 g6 41. a4 bxa3 42. Bxa3 Kg7 43. Nd5 Nd7 44. Qc4 Nb6 45. Nxb6 Qxb6 46. Bc1
Qd8 47. Be3 Qg8 48. Qb5 Qc8 49. Qc4 Qg8 50. Qb5 Qc8 51. Qc4 Qb8 52. Bxc5 Bxc5
53. Qxc5 Qxb3 54. Qe7+ Qf7 55. Qd6 Qb7 56. Kf2 Qb2+ 57. Ke3 Qc1+ 58. Ke2 Qc2+
59. Ke3 Qc3+ 60. Ke2 Qc4+ 61. Ke3 Qf7 62. g4 Qa7+ 63. Ke2 Qa2+ 64. Ke3 Qf7 65.
Kf2 Qa7+ 1/2-1/2

[Event "XII Weekend A"]
[Site "Ceriano Laghetto ITA"]
[Date "2003.01.26"]
[Round "3"]
[White "Bozzali, Ermanno"]
[Black "Zacco, Remo"]
[Result "1-0"]
[WhiteElo "2135"]
[BlackElo "2093"]
[PlyCount "116"]
[EventDate "2003.01.25"]

1. e4 e5 2. Nf3 Nc6 3. Bb5 a6 4. Ba4 d6 5. c3 Nge7 6. d4 Bd7 7. O-O Ng6 8. Re1
b5 9. Bb3 Be7 10. Nbd2 O-O 11. Nf1 Na5 12. Bc2 c5 13. d5 c4 14. b4 Nb7 15. Be3
a5 16. a3 Bg4 17. h3 Bd7 18. Qd2 Nh4 19. Nxh4 Bxh4 20. Nh2 f5 21. exf5 Bxf5 22.
Bxf5 Rxf5 23. g4 Rf7 24. Rf1 h6 25. Kg2 Qe7 26. Nf3 Raf8 27. Nxh4 Qxh4 28. f4
Qe7 29. Rae1 axb4 30. axb4 Rd8 31. f5 Ra8 32. Rf2 Rff8 33. Ref1 Qh4 34. Qc2 Rf6
35. Rf3 Nd8 36. Bf2 Qg5 37. Be3 Qh4 38. Bf2 Qg5 39. Rg3 Rf8 40. Be3 Qe7 41. h4
Nf7 42. g5 hxg5 43. hxg5 Qb7 44. Qd2 e4 45. Bf4 Ne5 46. Bxe5 dxe5 47. g6 Rfd8
48. Rd1 Rd6 49. Kh3 Qd7 50. Qg5 Rxd5 51. Rxd5 Qxd5 52. Qh5 Kf8 53. f6 Qe6+ 54.
Rg4 gxf6 55. Qh8+ Ke7 56. Qxa8 e3 57. Qb7+ Kd8 58. g7 Qg8 1-0

[Event "XII Weekend A"]
[Site "Ceriano Laghetto ITA"]
[Date "2003.01.26"]
[Round "3"]
[White "Cazzaniga, Walter"]
[Black "Contin, Daniel"]
[Result "0-1"]
[WhiteElo "2094"]
[BlackElo "2330"]
[PlyCount "72"]
[EventDate "2003.01.25"]

1. d4 Nf6 2. c4 e6 3. Nf3 b6 4. g3 Ba6 5. b3 Bb4+ 6. Bd2 Be7 7. Bg2 d5 8. Ne5
c6 9. Bc3 O-O 10. Nd2 Bb7 11. O-O Na6 12. e3 b5 13. c5 b4 14. Bb2 Nc7 15. f4
Nd7 16. Qc2 f5 17. Kh1 Nxe5 18. dxe5 Ba6 19. Rf2 g5 20. Nf3 g4 21. Nd4 Qd7 22.
h3 h5 23. a3 bxa3 24. Rxa3 Bb5 25. Kg1 a5 26. hxg4 hxg4 27. Bf1 Bxf1 28. Kxf1
Na6 29. Rh2 Bxc5 30. Rxa5 Bxd4 31. Bxd4 Nb4 32. Qc5 Nd3 33. Qa3 Rxa5 34. Qxa5
Qb7 35. Rh5 Ra8 36. Qc3 Qb5 0-1

[Event "XII Weekend A"]
[Site "Ceriano Laghetto ITA"]
[Date "2003.01.26"]
[Round "3"]
[White "Pelizzola, Danilo"]
[Black "Gagliardi, Christian"]
[Result "1/2-1/2"]
[WhiteElo "1905"]
[BlackElo "2138"]
[PlyCount "120"]
[EventDate "2003.01.25"]

1. e4 g6 2. d4 Bg7 3. Nf3 d6 4. Bd3 Nf6 5. O-O O-O 6. c4 Bg4 7. Nc3 Nc6 8. Be3
e5 9. d5 Nd4 10. Be2 Nxe2+ 11. Qxe2 Nh5 12. h3 Bd7 13. Kh2 h6 14. Ng1 a6 15.
Rac1 Qe8 16. Qd2 Kh7 17. g4 Nf4 18. Bxf4 exf4 19. f3 Qe7 20. Nge2 Be5 21. Kg2
Qf6 22. Nd1 Rfb8 23. b3 c6 24. Nf2 c5 25. Nd3 g5 26. Nxe5 Qxe5 27. Rh1 b5 28.
Rb1 Ra7 29. Qc3 f6 30. Qxe5 fxe5 31. Nc3 Rab7 32. cxb5 axb5 33. h4 b4 34. Ne2
Bb5 35. Nc1 Kg6 36. Rb2 Rh7 37. Rc2 Rbh8 38. hxg5 hxg5 39. Rxh7 Rxh7 40. Ne2
Ra7 41. Kf2 Kf6 42. Nc1 Ra8 43. Kg1 Rh8 44. Rh2 Rxh2 45. Kxh2 c4 46. bxc4 Bxc4
47. Kg2 Ke7 48. Kf2 Kd7 49. Ke1 Kc7 50. Kd2 Kb6 51. Kc2 Kb5 52. Kb1 Bf1 53. Nb3
Be2 54. Nd2 Kc5 55. Nb3+ Kb5 56. Nd2 Ka4 57. Kb2 Bb5 58. Ka1 Bd3 59. Kb2 Be2
60. Ka1 Ka3 1/2-1/2

[Event "XII Weekend A"]
[Site "Ceriano Laghetto ITA"]
[Date "2003.01.26"]
[Round "3"]
[White "Sbarra, Marco"]
[Black "La Torre, Giovanni"]
[Result "1/2-1/2"]
[WhiteElo "2220"]
[BlackElo "2064"]
[PlyCount "115"]
[EventDate "2003.01.25"]

1. e4 d5 2. exd5 Qxd5 3. Nc3 Qa5 4. d4 Bf5 5. Nf3 Nf6 6. Bd2 c6 7. Ne4 Qc7 8.
Nxf6+ gxf6 9. Bc4 Nd7 10. Qe2 Bxc2 11. Bxf7+ Kxf7 12. Qc4+ e6 13. Qxc2 Bd6 14.
Qe4 Nb6 15. O-O Nd5 16. Rfe1 Qd7 17. Bh6 Rag8 18. Qh4 Rg6 19. g3 Ne7 20. Bd2 h5
21. Qe4 Rg4 22. Qc2 Nf5 23. Re4 Rxe4 24. Qxe4 Rg8 25. Re1 Rg4 26. Qc2 Bf8 27.
h3 Rg6 28. Qe4 Qd5 29. Qxd5 exd5 30. a4 Bd6 31. b4 Rg8 32. b5 cxb5 33. axb5 Rc8
34. Ra1 Bb8 35. Bf4 Bxf4 36. gxf4 Rc3 37. Kg2 Rb3 38. Rxa7 Rxb5 39. Ra8 Rb2 40.
Rh8 Nd6 41. Rxh5 Ke6 42. Rh6 b5 43. Ne5 Rd2 44. Ng4 Ne8 45. Rh8 Kd7 46. Rh7+
Ke6 47. Ne3 Nd6 48. f5+ Nxf5 49. Nxf5 Kxf5 50. Rb7 Rb2 51. h4 Kg4 52. Rd7 Kxh4
53. Rxd5 Kg4 54. Rd6 Kf5 55. Kf3 Rb3+ 56. Ke2 Rb2+ 57. Ke3 Rb3+ 58. Ke2 1/2-1/2

[Event "XII Weekend A"]
[Site "Ceriano Laghetto ITA"]
[Date "2003.01.26"]
[Round "3"]
[White "Vezzosi, Paolo"]
[Black "Lapiccirella, Daniele"]
[Result "1-0"]
[WhiteElo "2379"]
[BlackElo "2099"]
[PlyCount "71"]
[EventDate "2003.01.25"]

1. d4 d5 2. c4 c6 3. Nc3 Nf6 4. e3 e6 5. Nf3 Nbd7 6. Qc2 Bd6 7. e4 dxe4 8. Nxe4
Nxe4 9. Qxe4 Nf6 10. Qc2 O-O 11. Bd3 c5 12. dxc5 Bxc5 13. O-O h6 14. Bf4 Qb6
15. a3 a5 16. Rad1 Bd7 17. Ne5 Rfd8 18. Nxd7 Rxd7 19. Bh7+ Kf8 20. Rxd7 Nxd7
21. Be4 Bd4 22. Rd1 e5 23. Bg3 Nc5 24. Bd5 g6 25. Rb1 a4 26. Kh1 Qb3 27. Qd2
Kg7 28. Bf4 Qd3 29. Bxh6+ Kh7 30. Qxd3 Nxd3 31. Be3 Bxb2 32. Bxb7 Rd8 33. c5
Bxa3 34. c6 Bd6 35. Bb6 Re8 36. c7 1-0

[Event "XII Weekend A"]
[Site "Ceriano Laghetto ITA"]
[Date "2003.02.01"]
[Round "4"]
[White "Bonetti, Marco"]
[Black "Zacco, Remo"]
[Result "0-1"]
[WhiteElo "2152"]
[BlackElo "2093"]
[PlyCount "46"]
[EventDate "2003.01.25"]

1. c4 f5 2. Nc3 Nf6 3. g3 d6 4. Bg2 e5 5. d3 Nc6 6. Bg5 Be7 7. e4 O-O 8. Nge2
Qe8 9. O-O Qh5 10. Bxf6 Bxf6 11. Nd5 Bd8 12. Nec3 Qh6 13. b4 f4 14. a4 Nd4 15.
b5 Bh3 16. f3 c6 17. Nb4 Bb6 18. a5 Nxf3+ 19. Kh1 Bxg2+ 20. Kxg2 Qxh2+ 21. Kxf3
fxg3+ 22. Kg4 Be3 23. Rf5 g6 0-1

[Event "XII Weekend A"]
[Site "Ceriano Laghetto ITA"]
[Date "2003.02.01"]
[Round "4"]
[White "Bozzali, Ermanno"]
[Black "Bonazzi, Edoardo"]
[Result "1-0"]
[WhiteElo "2135"]
[BlackElo "2135"]
[PlyCount "57"]
[EventDate "2003.01.25"]

1. d4 Nf6 2. Nf3 e6 3. c4 b6 4. g3 Ba6 5. b3 Bb4+ 6. Nbd2 O-O 7. Bg2 c6 8. O-O
d5 9. Bb2 Nbd7 10. Qc2 Be7 11. e4 dxe4 12. Ng5 Rc8 13. Ngxe4 c5 14. dxc5 Nxc5
15. Nxc5 Bxc5 16. Ne4 Nxe4 17. Bxe4 f5 18. Bg2 Qe7 19. Rfe1 Rfe8 20. Bd5 Qd6
21. Qc3 Rc7 22. a3 Ree7 23. Bf3 Rcd7 24. Rad1 Qc7 25. Rxd7 Qxd7 26. b4 Bd6 27.
Rd1 Qc7 28. Qd4 Rd7 29. c5 1-0

[Event "XII Weekend A"]
[Site "Ceriano Laghetto ITA"]
[Date "2003.02.01"]
[Round "4"]
[White "Cazzaniga, Walter"]
[Black "Vezzosi, Paolo"]
[Result "0-1"]
[WhiteElo "2094"]
[BlackElo "2379"]
[PlyCount "42"]
[EventDate "2003.01.25"]

1. d4 Nf6 2. c4 e6 3. Nf3 d5 4. Nc3 c6 5. Bg5 Nbd7 6. cxd5 exd5 7. e3 Be7 8.
Qc2 O-O 9. Bd3 Re8 10. O-O-O Nf8 11. h3 Ne4 12. Bxe4 Bxg5 13. Bd3 Be6 14. Kb1
Rc8 15. g4 Be7 16. Bf5 Bb4 17. Ne2 Bd6 18. Rc1 Qf6 19. Rhf1 Rc7 20. Nc3 g6 21.
Bxe6 Qxf3 0-1

[Event "XII Weekend A"]
[Site "Ceriano Laghetto ITA"]
[Date "2003.02.01"]
[Round "4"]
[White "Del Rio Angelis, Salvador Gabriel"]
[Black "Contin, Daniel"]
[Result "1/2-1/2"]
[WhiteElo "2487"]
[BlackElo "2330"]
[PlyCount "32"]
[EventDate "2003.01.25"]

1. e4 e6 2. d4 d5 3. exd5 exd5 4. Nf3 Nf6 5. Bd3 Be7 6. O-O O-O 7. h3 Nbd7 8.
Re1 c6 9. Bf4 Re8 10. c3 Nf8 11. Nbd2 Ng6 12. Bh2 Bf8 13. Qc2 Bd7 14. Nf1 Qb6
15. Rxe8 Rxe8 16. Re1 Rxe1 1/2-1/2